[Event "European Rapid 2014"]
[Site "Wroclaw POL"]
[Date "2014.12.21"]
[Round "9.6"]
[White "Volokitin, Andrei"]
[Black "Jussupow, Artur"]
[Result "1-0"]
[WhiteTitle "GM"]
[BlackTitle "GM"]
[WhiteElo "2626"]
[BlackElo "2582"]
[WhiteFideId "14107090"]
[BlackFideId "4618777"]
[EventDate "2014.12.20"]

1. e4 e5 2. Nf3 Nf6 3. Nxe5 d6 4. Nf3 Nxe4 5. Nc3 Nf6 6. d4 Be7 7. Bd3 Bg4 8.
O-O O-O 9. h3 Bh5 10. d5 Nbd7 11. g4 Bg6 12. g5 Bxd3 13. gxf6 Bxf1 14. fxe7 Qxe7
15. Qxf1 Qf6 16. Qg2 Rae8 17. Be3 a6 18. Bd4 Qg6 19. Qxg6 hxg6 20. a4 f6 21. a5
Kf7 22. Ra4 c5 23. Be3 Ne5 24. Nxe5+ Rxe5 25. Bf4 Re1+ 26. Kg2 Rd8 27. h4 f5 28.
Ra3 Rh8 29. Bd2 Re7 30. Bg5 Rd7 31. Rb3 Re8 32. Kf1 Re5 33. Bf4 Re8 34. Rb6 Ke7
35. Ne2 c4 36. Nd4 Rc8 37. Ne6 c3 38. b3 Kf7 39. Ke2 Kf6 40. Kd3 Kf7 41. Kd4 Rh8
42. Bg3 Ke7 43. Kxc3 g5 44. hxg5 g6 45. Kd2 Rh1 46. c4 Ra1 47. b4 Ra3 48. Ke2
Rc3 49. c5 dxc5 50. Nxc5 Rxd5 51. Rxb7+ Ke8 52. Nxa6 Rc2+ 53. Kf3 Rd3+ 54. Kg2
Rdd2 55. Nc7+ Kd7 56. a6 f4 57. Nd5+ Kc6 58. Nxf4 Ra2 59. b5+ Kc5 60. Nxg6 Kd5 1-0

[Event "European Rapid 2014"]
[Site "Wroclaw POL"]
[Date "2014.12.21"]
[Round "9.7"]
[White "Gajewski, Grzegorz"]
[Black "Savchenko, Boris"]
[Result "1-0"]
[WhiteTitle "GM"]
[BlackTitle "GM"]
[WhiteElo "2643"]
[BlackElo "2599"]
[WhiteFideId "1116207"]
[BlackFideId "4147332"]
[EventDate "2014.12.20"]

1. d4 e6 2. c4 Nf6 3. Nf3 d5 4. Nc3 c6 5. e3 Nbd7 6. Qc2 a6 7. a4 a5 8. Bd3 Nb8
9. O-O Na6 10. Be2 Nb4 11. Qb1 b6 12. e4 Ba6 13. b3 Qc7 14. Bg5 dxe4 15. Nxe4
Nfd5 16. Re1 Nf4 17. Bxf4 Qxf4 18. Ne5 f5 19. Bh5+ g6 20. g3 Qh6 21. Bf3 fxe4
22. Qxe4 Bb7 23. Nf7 Kxf7 24. Qxe6+ Kg7 25. Qd7+ Kg8 26. Bg4 Be7 27. Rxe7 1-0

[Event "European Rapid 2014"]
[Site "Wroclaw POL"]
[Date "2014.12.21"]
[Round "9.8"]
[White "Bortnyk, Olexandr"]
[Black "Vallejo Pons, Francisco"]
[Result "1/2-1/2"]
[WhiteTitle "IM"]
[BlackTitle "GM"]
[WhiteElo "2533"]
[BlackElo "2705"]
[WhiteFideId "14120828"]
[BlackFideId "2205530"]
[EventDate "2014.12.20"]

1. e4 e5 2. Nf3 Nc6 3. Bc4 Bc5 4. c3 Nf6 5. d4 exd4 6. cxd4 Bb4+ 7. Bd2 Nxe4 8.
Bxb4 Nxb4 9. Bxf7+ Kxf7 10. Qb3+ d5 11. Ne5+ Ke6 12. Qxb4 Qf8 13. Qxf8 Rxf8 14.
f3 Nf6 15. Kd2 Kd6 16. Nc3 c6 17. Rhe1 Bf5 18. Re3 Nd7 19. Rae1 Nxe5 20. Rxe5
Rf7 21. R1e3 Raf8 22. Ne2 b6 23. b4 Bd7 24. Ra3 Re8 25. Rxa7 Rxe5 26. dxe5+ Kxe5
27. Rb7 b5 28. Ke3 Kd6 29. Nd4 Rf8 30. Ra7 g5 31. g3 Re8+ 32. Kd3 Re1 33. Ra6
Kc7 34. Ra7+ Kd6 35. Ra6 Kc7 36. Ra7+ Kd6 37. Ra6 1/2-1/2

[Event "European Rapid 2014"]
[Site "Wroclaw POL"]
[Date "2014.12.21"]
[Round "9.9"]
[White "Shimanov, Aleksandr"]
[Black "Socko, Bartosz"]
[Result "1-0"]
[WhiteTitle "GM"]
[BlackTitle "GM"]
[WhiteElo "2591"]
[BlackElo "2617"]
[WhiteFideId "4198603"]
[BlackFideId "1107038"]
[EventDate "2014.12.20"]

1. d4 Nf6 2. Nf3 e6 3. Bg5 h6 4. Bh4 d6 5. Nc3 g5 6. Bg3 Nh5 7. e4 Bg7 8. Qd2
Nc6 9. Bb5 Bd7 10. d5 Ne7 11. O-O-O Bxb5 12. Nxb5 Qd7 13. Nc3 O-O-O 14. Nd4 Kb8
15. Kb1 Rhe8 16. f3 exd5 17. exd5 a6 18. Nde2 Ng6 19. Bf2 Nhf4 20. Nxf4 Nxf4 21.
g3 Ng6 22. Bd4 Bxd4 23. Qxd4 Qf5 24. Rhf1 Re5 25. a4 Rde8 26. Qg4 Qf6 27. Qd4
Qf5 28. Qg4 Qf6 29. Qd4 Qe7 30. f4 gxf4 31. gxf4 Rf5 32. Rf2 Qh4 33. Rdf1 h5 34.
Ne2 Ne7 35. c4 Qf6 36. Qd3 h4 37. Nd4 Rh5 38. Re1 Rc8 39. f5 Ng6 40. fxg6 Qxf2
41. Rf1 Qxh2 42. gxf7 Rhh8 43. Ne6 Qg3 44. Qe4 h3 45. f8=Q Rcxf8 46. Nxf8 Qg2
47. Qe8+ Ka7 48. Qe3+ b6 49. Rf7 Ka8 50. Qe8+ Kb7 51. Qc6+ 1-0

[Event "European Rapid 2014"]
[Site "Wroclaw POL"]
[Date "2014.12.21"]
[Round "9.10"]
[White "Popov, Valerij"]
[Black "Korobov, Anton"]
[Result "1/2-1/2"]
[WhiteTitle "GM"]
[BlackTitle "GM"]
[WhiteElo "2555"]
[BlackElo "2693"]
[WhiteFideId "4119410"]
[BlackFideId "14105730"]
[EventDate "2014.12.20"]

1. Nf3 Nf6 2. c4 e6 3. Nc3 d5 4. d4 c6 5. e3 Nbd7 6. Bd3 dxc4 7. Bxc4 b5 8. Bd3
Bb7 9. O-O a6 10. a4 b4 11. Ne4 c5 12. Nxf6+ Nxf6 13. dxc5 Bxc5 14. Qe2 Qd5 15.
Rd1 Qh5 16. b3 O-O 17. Bb2 Rfd8 18. Rac1 Bd6 19. h3 a5 20. Ne5 Qg5 21. Nf3 Qh6
22. Bb5 Ne4 23. Bc6 Bxc6 24. Rxc6 Bf8 25. Qc2 Ng5 26. Ne5 Qh5 27. Rxd8 Rxd8 28.
f4 Nxh3+ 29. gxh3 Qd1+ 30. Qxd1 Rxd1+ 31. Kf2 Rd2+ 32. Ke1 Rxb2 33. Rc8 Rxb3 34.
Nd7 g5 35. Rxf8+ Kg7 36. Kd2 gxf4 37. exf4 Ra3 38. Rb8 Rxa4 39. Ne5 Ra2+ 40. Ke3
Ra3+ 41. Kd4 f6 42. Rb7+ Kh6 43. Nc4 Rxh3 44. Nxa5 Kg6 45. Ke4 f5+ 46. Ke5 Re3+
47. Kd6 Re4 48. Nc6 Rxf4 49. Kxe6 Re4+ 50. Kd5 h5 51. Nxb4 h4 52. Nd3 h3 53.
Ne5+ Kg5 54. Rb3 Kh4 55. Nf3+ Kg4 56. Nh2+ Kh4 57. Nf3+ 1/2-1/2

[Event "European Rapid 2014"]
[Site "Wroclaw POL"]
[Date "2014.12.21"]
[Round "9.11"]
[White "Georgiadis, Nico"]
[Black "Navara, David"]
[Result "0-1"]
[WhiteTitle "IM"]
[BlackTitle "GM"]
[WhiteElo "2465"]
[BlackElo "2727"]
[WhiteFideId "1300113"]
[BlackFideId "309095"]
[EventDate "2014.12.20"]

1. Nf3 d5 2. b3 Bg4 3. Bb2 c5 4. g3 f6 5. Bg2 e5 6. O-O Nc6 7. d3 Bd6 8. Nbd2
Nge7 9. c4 d4 10. e3 O-O 11. exd4 cxd4 12. a3 a5 13. h3 Bh5 14. Ne4 Kh8 15. Nxd6
Qxd6 16. Re1 f5 17. b4 axb4 18. Qb3 Bxf3 19. Bxf3 e4 20. dxe4 f4 21. e5 Nxe5 22.
Bxb7 Rab8 23. Bg2 Nf5 24. c5 Qxc5 25. axb4 Qd6 26. g4 f3 27. gxf5 fxg2 28. Qg3
Rxf5 29. Re4 Qd5 30. Rf4 Rxf4 31. Qxf4 Re8 32. Qg3 Nc4 33. Qb3 d3 34. Qc3 Nxb2
35. Qxb2 d2 0-1

[Event "European Rapid 2014"]
[Site "Wroclaw POL"]
[Date "2014.12.21"]
[Round "9.12"]
[White "Mkrtchian, Lilit"]
[Black "Swiercz, Dariusz"]
[Result "1-0"]
[WhiteTitle "IM"]
[BlackTitle "GM"]
[WhiteElo "2450"]
[BlackElo "2616"]
[WhiteFideId "13300601"]
[BlackFideId "1126881"]
[EventDate "2014.12.20"]

1. c4 Nf6 2. Nc3 e5 3. Nf3 d6 4. d4 exd4 5. Nxd4 g6 6. g3 Bg7 7. Bg2 O-O 8. O-O
Re8 9. h3 Na6 10. e3 Nc5 11. Qc2 a5 12. b3 Bd7 13. Bb2 Qc8 14. Kh2 Re5 15. Nce2
Re8 16. Rae1 Nfe4 17. Nf4 c6 18. Rd1 Qc7 19. Rfe1 f5 20. f3 Ng5 21. Qd2 Nf7 22.
Bc3 Be5 23. Nd3 Nxd3 24. Qxd3 a4 25. f4 Bg7 26. b4 Rad8 27. a3 Qc8 28. Ne2 Bxc3
29. Nxc3 Qa8 30. Qd4 Re7 31. e4 Rde8 32. Re3 Qc8 33. c5 d5 34. e5 Nd8 35. Nxa4
Ne6 36. Qd2 Rg7 37. Nb6 Qd8 38. Bxd5 cxd5 39. Qxd5 Bc8 40. Qxd8 Rxd8 41. Rxd8+
Nxd8 42. Nxc8 Ne6 43. Nd6 g5 44. Nxf5 Rd7 45. Nd6 gxf4 46. gxf4 Nxf4 47. b5 Rg7
48. Rg3 Ng6 49. e6 Re7 50. Re3 Rc7 51. Nf5 Rxc5 52. e7 Nxe7 53. Nxe7+ Kf7 54. a4
Rc4 55. Nd5 Rxa4 56. Re7+ Kg6 57. Rxb7 Rd4 58. Ne3 Rd3 59. Ng2 Rb3 60. b6 h5 61.
Rb8 Kg7 62. Nf4 h4 63. Ng2 Rb4 64. b7 Kh7 65. Nxh4 1-0

[Event "European Rapid 2014"]
[Site "Wroclaw POL"]
[Date "2014.12.21"]
[Round "9.13"]
[White "Vitiugov, Nikita"]
[Black "Kosyrev, Vladimir"]
[Result "1-0"]
[WhiteTitle "GM"]
[BlackTitle "GM"]
[WhiteElo "2738"]
[BlackElo "2520"]
[WhiteFideId "4152956"]
[BlackFideId "4122259"]
[EventDate "2014.12.20"]

1. d4 e6 2. c4 Nf6 3. Nc3 d5 4. Nf3 dxc4 5. e4 Bb4 6. Bxc4 Nxe4 7. O-O Nxc3 8.
bxc3 Be7 9. Ne5 O-O 10. Re1 Nc6 11. Qf3 Bd7 12. Qg3 Kh8 13. Bf4 Bd6 14. Rad1 Ne7
15. Bd3 Ng6 16. Nxg6+ hxg6 17. Be5 Kg8 18. Re4 Rc8 19. Rh4 Be7 20. Rh3 Bf6 21.
Re1 c5 22. Re4 g5 23. Qf3 Bxe5 24. Rh8+ Kxh8 25. Rh4+ 1-0

[Event "European Rapid 2014"]
[Site "Wroclaw POL"]
[Date "2014.12.21"]
[Round "9.14"]
[White "Jaracz, Pawel"]
[Black "Ragger, Markus"]
[Result "0-1"]
[WhiteTitle "GM"]
[BlackTitle "GM"]
[WhiteElo "2503"]
[BlackElo "2651"]
[WhiteFideId "1102222"]
[BlackFideId "1610856"]
[EventDate "2014.12.20"]

1. d4 d5 2. c4 c6 3. e3 Nf6 4. Nc3 Bf5 5. Bd3 Bxd3 6. Qxd3 e6 7. Nge2 Nbd7 8.
O-O Be7 9. Ng3 O-O 10. e4 dxe4 11. Ngxe4 Ne5 12. Nxf6+ Bxf6 13. Qe4 Nxc4 14. Rd1
Nd6 15. Qf4 Nf5 16. Ne4 Bxd4 17. g4 Nh4 18. Nd6 Be5 19. Qb4 Qe7 20. f4 Bxd6 21.
Qxd6 Qxd6 22. Rxd6 Rfd8 23. Rxd8+ Rxd8 24. Be3 f5 25. h3 a6 26. Kf2 Kf7 27. Rc1
Rd5 28. Rc3 Rb5 29. b3 Rd5 30. Rc4 Ng6 31. a4 Ne7 32. Ke2 Nc8 33. Rc1 Nd6 34.
Rc2 Ne4 35. Bc1 Nf6 36. g5 Ne4 37. Ba3 Kg6 38. Bf8 Rd8 39. Ba3 Kh5 40. Bb2 Rd7
41. b4 Kh4 42. Ke3 Kxh3 43. Bd4 h5 44. Rc1 Kg4 45. Rg1+ Ng3 46. g6 h4 47. Bc3
Rd8 48. a5 Rh8 49. Kf2 Rh6 50. Kg2 Ne2 0-1

[Event "European Rapid 2014"]
[Site "Wroclaw POL"]
[Date "2014.12.21"]
[Round "9.15"]
[White "Riazantsev, Alexander"]
[Black "Czakon, Jakub"]
[Result "0-1"]
[WhiteTitle "GM"]
[BlackTitle "IM"]
[WhiteElo "2684"]
[BlackElo "2479"]
[WhiteFideId "4125029"]
[BlackFideId "1120840"]
[EventDate "2014.12.20"]

1. d4 f5 2. c4 Nf6 3. Nf3 g6 4. e3 Bg7 5. Be2 O-O 6. O-O d6 7. Nc3 a5 8. b3 c6
9. Bb2 Qc7 10. d5 Na6 11. Nd4 Nc5 12. Bf3 e5 13. dxe6 Bxe6 14. Qc2 Rfe8 15. Rfd1
Bf7 16. h3 Rad8 17. Rac1 Ncd7 18. Be2 Qb8 19. Nf3 h6 20. Qb1 d5 21. cxd5 Nxd5
22. Nxd5 Bxd5 23. Bc4 Bxc4 24. bxc4 Nc5 25. Bxg7 Kxg7 26. Qb6 Nd3 27. Rb1 Rd7
28. Qxa5 Kh7 29. Qc3 Red8 30. Qf6 Qc7 31. Rd2 Rd6 32. Qh4 Kg7 33. Nd4 Nc5 34.
Rbd1 Kh7 35. Qf4 R6d7 36. Qh4 Qe5 37. Nf3 Qg7 38. Rd4 Rxd4 39. Rxd4 Ra8 40. Rd2
Ne4 41. Rd1 Rxa2 42. Qd8 Ra1 43. g3 Rxd1+ 44. Qxd1 b5 45. cxb5 cxb5 46. Qb3 Qb7
47. Qb4 Ng5 48. Nxg5+ hxg5 49. h4 gxh4 50. Qxh4+ Kg7 51. Qd4+ Kf7 52. Qb4 Qd5
53. Qa5 Qc5 54. Qa2+ Ke7 55. Qg8 Qd6 56. Qg7+ Kd8 57. Qb7 b4 58. Kg2 Qc5 59. Kh3
f4 60. Kg2 fxe3 61. fxe3 Qc2+ 62. Kf3 Qf5+ 63. Ke2 Qc2+ 64. Kf3 b3 65. Qd5+ Kc7
66. Qa5+ Kd6 67. Qb4+ Kc6 68. Qa4+ Kc5 69. Qa7+ Kb4 70. Qe7+ Kc3 71. Qc5+ Kb2
72. Qd4+ Qc3 73. Qd5 Kc1 74. Ke2 Qc2+ 75. Ke1 b2 76. e4 b1=Q 77. Qd4 Qxe4+ 0-1

[Event "European Rapid 2014"]
[Site "Wroclaw POL"]
[Date "2014.12.21"]
[Round "9.16"]
[White "Efimenko, Zahar"]
[Black "Kantans, Toms"]
[Result "0-1"]
[WhiteTitle "GM"]
[BlackTitle "IM"]
[WhiteElo "2643"]
[BlackElo "2447"]
[WhiteFideId "14107201"]
[BlackFideId "11602945"]
[EventDate "2014.12.20"]

1. e4 e5 2. Nf3 Nc6 3. Bb5 a6 4. Ba4 Nge7 5. c3 g6 6. d4 exd4 7. cxd4 Bg7 8. d5
b5 9. Bc2 Na5 10. Bd2 c5 11. Bc3 O-O 12. Bxg7 Kxg7 13. Nbd2 d6 14. h3 Ng8 15.
O-O Re8 16. Re1 Bd7 17. a3 c4 18. e5 Nb7 19. Nf1 Qb6 20. Qd2 Rad8 21. Rad1 Bc8
22. e6 fxe6 23. dxe6 Bxe6 24. Ng3 Nf6 25. Qc3 d5 26. Nd4 Bc8 27. Bb1 Nc5 28. h4
a5 29. h5 b4 30. Qc1 Nd3 31. Bxd3 Rxe1+ 32. Rxe1 Qxd4 33. Bxg6 hxg6 34. Qg5 Kf8
35. Qh6+ Kf7 36. Qxg6+ Kf8 37. h6 Ng4 38. Re2 Qd1+ 39. Nf1 Qxe2 40. Qg7+ Ke8 41.
Qg6+ Kd7 42. Qf7+ Kc6 43. h7 Qxf2+ 0-1

[Event "European Rapid 2014"]
[Site "Wroclaw POL"]
[Date "2014.12.21"]
[Round "9.17"]
[White "Matlakov, Maxim"]
[Black "Djuric, Stefan"]
[Result "1-0"]
[WhiteTitle "GM"]
[BlackTitle "GM"]
[WhiteElo "2695"]
[BlackElo "2402"]
[WhiteFideId "4168003"]
[BlackFideId "900133"]
[EventDate "2014.12.20"]

1. d4 Nf6 2. c4 g6 3. f3 Bg7 4. e4 O-O 5. Nc3 d6 6. Nge2 c5 7. d5 e6 8. Ng3 exd5
9. cxd5 a6 10. a4 Nbd7 11. Be2 Rb8 12. O-O Qc7 13. Be3 b6 14. f4 Ne8 15. Kh1 Qd8
16. Qd2 Nc7 17. e5 dxe5 18. f5 Ne8 19. Nce4 Ndf6 20. fxg6 hxg6 21. Nxf6+ Nxf6
22. d6 Nh7 23. Bc4 b5 24. axb5 axb5 25. Bd5 c4 26. Ra7 Nf6 27. Bg5 Qb6 28. Rxf7
Rxf7 29. Bxf6 Bf5 30. Nxf5 Bxf6 31. Nh6+ Kg7 32. Nxf7 g5 33. Nxg5 Rh8 34. Ne6+
Kg6 35. Rxf6+ 1-0

[Event "European Rapid 2014"]
[Site "Wroclaw POL"]
[Date "2014.12.21"]
[Round "9.18"]
[White "Warakomski, Tomasz"]
[Black "Alekseev, Evgeny"]
[Result "1-0"]
[WhiteTitle "IM"]
[BlackTitle "GM"]
[WhiteElo "2456"]
[BlackElo "2679"]
[WhiteFideId "1124552"]
[BlackFideId "4138147"]
[EventDate "2014.12.20"]

1. e4 c5 2. Nf3 Nc6 3. Bb5 g6 4. Bxc6 bxc6 5. O-O Bg7 6. Re1 Nf6 7. e5 Nd5 8. c4
Nc7 9. d4 cxd4 10. Nxd4 O-O 11. Nc3 Bb7 12. Ne4 Na6 13. c5 Bxe5 14. Bg5 Rb8 15.
Nd6 f6 16. Qb3+ Kg7 17. Nxb7 Qc7 18. Nf3 Qxb7 19. Qe3 Qxb2 20. Bh6+ Kg8 21. Bxf8
Kxf8 22. Rad1 Nb4 23. Qh6+ Kg8 24. Rxe5 fxe5 25. Ng5 1-0

[Event "European Rapid 2014"]
[Site "Wroclaw POL"]
[Date "2014.12.21"]
[Round "9.19"]
[White "Bartel, Mateusz"]
[Black "Matnadze, Ana"]
[Result "1/2-1/2"]
[WhiteTitle "GM"]
[BlackTitle "IM"]
[WhiteElo "2664"]
[BlackElo "2411"]
[WhiteFideId "1112635"]
[BlackFideId "13601377"]
[EventDate "2014.12.20"]

1. e4 c6 2. Nc3 g6 3. d4 d5 4. Nf3 Bg7 5. h3 dxe4 6. Nxe4 Nh6 7. Bc4 O-O 8. O-O
Nf5 9. c3 Nd7 10. Bg5 Nf6 11. Nxf6+ exf6 12. Bf4 a5 13. a4 Be6 14. Bd3 Qd7 15.
Re1 Rfd8 16. Qe2 Re8 17. Qf1 Ne7 18. Nd2 Nd5 19. Bh2 Bf5 20. Nc4 Bxd3 21. Qxd3
Re6 22. Bg3 Bh6 23. Rxe6 Qxe6 24. Kf1 Bf8 25. Re1 Qd7 26. Qf3 b5 27. axb5 cxb5
28. Nd6 Qc6 29. Ne4 Rc8 30. Kg1 a4 31. Rd1 f5 32. Nc5 Nb6 33. Qxc6 Rxc6 34. Nd3
a3 35. Ne5 Rc8 36. bxa3 f6 37. Nf3 Nd5 38. Rb1 Nxc3 39. Rb3 f4 40. Bh2 g5 41. g3
h5 42. gxf4 g4 43. hxg4 hxg4 44. Nd2 Ne2+ 45. Kg2 Nxd4 46. Rd3 Nc2 47. Rb3 Nxa3
48. f5 b4 49. Rg3 Kf7 50. Rxg4 Rd8 51. Nb3 Nb5 52. Re4 Rd3 53. Re3 Rd5 54. Re6
Rxf5 55. Rb6 Nc3 56. Rb7+ Kg6 57. Nd4 Rg5+ 58. Kf1 Rh5 59. Ne6 Bh6 60. Bd6 Nd5
61. Kg2 Rh4 62. Rb5 Rh5 63. Rb8 Kf5 64. Nd4+ Ke4 65. Nf3 Bf4 66. Re8+ Be5 67.
Nxe5 fxe5 68. f3+ Kd4 69. Rb8 Kc4 70. Rc8+ Kd3 71. Rb8 Ne3+ 72. Kg3 Rg5+ 73. Kh4
Rf5 74. Bxe5 Nd5 75. Bd6 Rxf3 76. Bxb4 Rf4+ 77. Kg5 Rxb4 78. Rxb4 Nxb4 1/2-1/2

[Event "European Rapid 2014"]
[Site "Wroclaw POL"]
[Date "2014.12.21"]
[Round "9.20"]
[White "Pakleza, Zbigniew"]
[Black "Bologan, Viktor"]
[Result "1/2-1/2"]
[WhiteTitle "IM"]
[BlackTitle "GM"]
[WhiteElo "2498"]
[BlackElo "2643"]
[WhiteFideId "1119290"]
[BlackFideId "13900048"]
[EventDate "2014.12.20"]

1. d4 Nf6 2. Nf3 g6 3. Bf4 Bg7 4. e3 O-O 5. Be2 d6 6. h3 c5 7. c3 b6 8. O-O Bb7
9. Nbd2 Nc6 10. Bg3 d5 11. Ne5 Nd7 12. f4 e6 13. Qa4 Qc7 14. Nef3 a5 15. Bb5
Rfc8 16. Kh2 f5 17. Bh4 Ba6 18. Bxa6 Rxa6 19. g4 b5 20. Qd1 cxd4 21. cxd4 Nb4
22. Qe2 Rc6 23. gxf5 exf5 24. a3 Nc2 25. Rad1 Re8 26. Ne5 Nxe5 27. dxe5 d4 28.
exd4 Nxd4 29. Qd3 Ne6 30. Bg3 Rc2 31. Qxb5 Rd8 32. Rf2 Nd4 33. Qd3 Rxb2 34. Nc4
Rb3 35. Qf1 g5 36. Nd6 Qc3 37. Qg2 Nf3+ 38. Kh1 g4 39. hxg4 fxg4 40. Bh4 Rxd6
41. exd6 Nxh4 42. d7 Nxg2 43. d8=Q+ Bf8 44. Qg5+ Kh8 45. Qe5+ Qxe5 46. fxe5 Ne3
47. Rxf8+ Kg7 48. Rdd8 Kh6 49. Rg8 Kh5 50. Kg1 Rb2 51. Rd3 Rg2+ 52. Kh1 Re2 53.
e6 Kh4 54. e7 Re1+ 55. Kh2 g3+ 56. Rxg3 Nf1+ 57. Kg2 Nxg3 58. Rd4+ Kg5 59. Kxg3
Re3+ 60. Kf2 Rxe7 61. Rd5+ Kg4 62. Rxa5 h5 63. Rb5 h4 64. Kg2 Re2+ 65. Kg1 Re3
66. Kh2 Rxa3 1/2-1/2

[Event "European Rapid 2014"]
[Site "Wroclaw POL"]
[Date "2014.12.21"]
[Round "9.21"]
[White "Gdanski, Jacek"]
[Black "Anton Guijarro, David"]
[Result "0-1"]
[WhiteTitle "GM"]
[BlackTitle "GM"]
[WhiteElo "2500"]
[BlackElo "2608"]
[WhiteFideId "1100106"]
[BlackFideId "2285525"]
[EventDate "2014.12.20"]

1. e4 e5 2. Nf3 Nc6 3. Bb5 a6 4. Bxc6 dxc6 5. O-O Qf6 6. d4 exd4 7. e5 Qg6 8.
Qxd4 Ne7 9. Nc3 Nf5 10. Qe4 Be7 11. Kh1 Be6 12. Bf4 Rd8 13. Rad1 O-O 14. h3 h6
15. b3 Bc5 16. g4 Ne7 17. Bg3 Bb6 18. Kh2 Ba5 19. Qxg6 Nxg6 20. Ne2 c5 21. Nh4
Nxh4 22. Bxh4 g5 23. Bg3 Bd5 24. f4 Be4 25. fxg5 hxg5 26. Rc1 Bd2 27. Rb1 Bxc2
28. Rb2 Bg6 29. e6 fxe6 30. Rxf8+ Kxf8 31. Bxc7 Rd5 32. Kg2 b5 33. Kf2 Ke7 34.
Be5 b4 35. Bd4 cxd4 36. Rxd2 e5 37. Ng3 Ke6 38. Kf3 Rc5 39. Ne4 Bxe4+ 40. Kxe4
Rc3 0-1

[Event "European Rapid 2014"]
[Site "Wroclaw POL"]
[Date "2014.12.21"]
[Round "9.22"]
[White "Lysyj, Igor"]
[Black "Nagy, Gabor1"]
[Result "1-0"]
[WhiteTitle "GM"]
[BlackTitle "IM"]
[WhiteElo "2686"]
[BlackElo "2422"]
[WhiteFideId "4150120"]
[BlackFideId "737119"]
[EventDate "2014.12.20"]

1. d4 Nf6 2. c4 e6 3. Nf3 c5 4. d5 d6 5. Nc3 exd5 6. cxd5 g6 7. Bf4 a6 8. a4 Bg7
9. h3 O-O 10. e3 Ne8 11. Be2 Nd7 12. O-O Qe7 13. Nd2 f5 14. Nc4 b6 15. Qc2 Rb8
16. Rab1 Ne5 17. Bxe5 Bxe5 18. b4 f4 19. Nxe5 Qxe5 20. exf4 Rxf4 21. bxc5 Bf5
22. Bd3 Bxh3 23. Rfe1 Qg5 24. g3 Nf6 25. Qd2 Nh5 26. Ne4 Qg4 27. Qxf4 Nxf4 28.
Nf6+ Kf8 29. Nxg4 Nxd3 30. Rxb6 Rd8 31. Re3 Nxc5 32. Nf6 h5 33. Ne4 Nxa4 34.
Rxa6 Nb2 35. Rxd6 Rc8 36. Rc6 Ra8 37. Rc1 Bf5 38. Nd6 Bg4 39. f3 Bh3 40. Rb3 Ra2
41. Rc2 Ra1+ 42. Kh2 1-0

[Event "European Rapid 2014"]
[Site "Wroclaw POL"]
[Date "2014.12.21"]
[Round "9.23"]
[White "Socko, Monika"]
[Black "Azarov, Sergei"]
[Result "1/2-1/2"]
[WhiteTitle "GM"]
[BlackTitle "GM"]
[WhiteElo "2470"]
[BlackElo "2635"]
[WhiteFideId "1106619"]
[BlackFideId "13501470"]
[EventDate "2014.12.20"]

1. d4 d5 2. c4 dxc4 3. Nf3 Nf6 4. e3 b5 5. a4 b4 6. Nbd2 c3 7. bxc3 bxc3 8. Nb1
e6 9. Nxc3 Bb4 10. Bd2 a5 11. Bb5+ c6 12. Be2 O-O 13. O-O Ba6 14. Ne5 c5 15. Nb5
Bb7 16. Bf3 Bxf3 17. Qxf3 Nbd7 18. Nc6 Qb6 19. dxc5 Bxc5 20. Rfb1 Nd5 21. Nbd4
Qc7 22. Rb5 Bxd4 23. Nxd4 Ne5 24. Qg3 Nc4 25. Be1 Rfc8 26. Rc1 Qd7 27. Nf3 h6
28. h3 Nd6 29. Rxc8+ Rxc8 30. Rxa5 Rc1 31. Kh2 f6 32. Bd2 Rc4 33. Ra6 Ne4 34.
Ra8+ Rc8 35. Rxc8+ Qxc8 36. Qh4 Qc7+ 37. Kg1 Qc2 38. Be1 Qxa4 39. Nd2 Nec3 40.
Qxa4 Nxa4 41. Nc4 Nab6 42. Nxb6 Nxb6 43. Kf1 Kf7 1/2-1/2

[Event "European Rapid 2014"]
[Site "Wroclaw POL"]
[Date "2014.12.21"]
[Round "9.24"]
[White "Kuzmicz, Krystian"]
[Black "Bindrich, Falko"]
[Result "0-1"]
[WhiteTitle "IM"]
[BlackTitle "GM"]
[WhiteElo "2469"]
[BlackElo "2610"]
[WhiteFideId "1119125"]
[BlackFideId "4676670"]
[EventDate "2014.12.20"]

1. g3 d5 2. Bg2 c6 3. f4 g6 4. Nf3 Bg7 5. O-O Qb6+ 6. d4 Nf6 7. Nc3 O-O 8. Ne5
Na6 9. e3 Nc7 10. a4 a5 11. g4 Nd7 12. h3 Nxe5 13. fxe5 f6 14. exf6 exf6 15. b3
Re8 16. Qf3 f5 17. Kh1 Na6 18. Ba3 Nb4 19. Bxb4 Qxb4 20. Ne2 Qd2 21. e4 Rxe4 22.
Ng3 Re3 23. Qf4 Qxd4 24. Qc7 Qe5 25. Qd8+ Qe8 26. Qxe8+ Rxe8 27. Rae1 Rxe1 28.
Rxe1 fxg4 29. Re8+ Kf7 30. Rd8 Bf6 0-1

[Event "European Rapid 2014"]
[Site "Wroclaw POL"]
[Date "2014.12.21"]
[Round "9.25"]
[White "Petrosyan, Tigran S."]
[Black "Mastrovasilis, Dimitrios"]
[Result "0-1"]
[WhiteTitle "FM"]
[BlackTitle "GM"]
[WhiteElo "2429"]
[BlackElo "2608"]
[WhiteFideId "13303678"]
[BlackFideId "4202694"]
[EventDate "2014.12.20"]

1. e4 c5 2. Nf3 e6 3. g3 d5 4. exd5 exd5 5. d4 Nf6 6. Bg2 cxd4 7. Nxd4 Be7 8.
O-O O-O 9. Nc3 h6 10. h3 Nc6 11. Be3 Re8 12. Kh2 Bb4 13. Nde2 Be6 14. a3 Ba5 15.
Nb5 Bb6 16. Nbd4 Ne5 17. b3 Rc8 18. Nxe6 fxe6 19. Bxb6 Qxb6 20. Nd4 Nc6 21. Nxc6
bxc6 22. f4 e5 23. fxe5 Rxe5 24. Re1 Rce8 25. Rxe5 Rxe5 26. Qd2 Ne4 27. Qf4 Qc7
28. Rf1 Qe7 29. a4 Nc3 30. Rf2 Nd1 31. Rd2 Ne3 32. Qf2 a5 33. Qf3 Kh7 34. Qf2 h5
35. Qf4 Rf5 36. Qd4 g6 37. Re2 Re5 38. Rd2 c5 39. Qh4 Qxh4 40. gxh4 d4 41. Kg3
Kg7 42. Kf4 Kf6 43. Bc6 Nf5 44. c3 dxc3 45. Rc2 Nd4 46. Rf2 Rf5+ 0-1

[Event "European Rapid 2014"]
[Site "Wroclaw POL"]
[Date "2014.12.21"]
[Round "9.26"]
[White "Guliyev, Namig"]
[Black "Meskovs, Nikita"]
[Result "1-0"]
[WhiteTitle "GM"]
[BlackTitle "FM"]
[WhiteElo "2557"]
[BlackElo "2452"]
[WhiteFideId "13400363"]
[BlackFideId "11602740"]
[EventDate "2014.12.20"]

1. e4 c5 2. Nf3 e6 3. d4 cxd4 4. Nxd4 a6 5. Bd3 Nf6 6. O-O Qc7 7. Qe2 d6 8. c4
g6 9. Nc3 Bg7 10. Nf3 Nbd7 11. Bf4 O-O 12. Rac1 Ng4 13. Rfd1 Nge5 14. Qe3 Nxf3+
15. Qxf3 Ne5 16. Qe3 b6 17. Be2 Rb8 18. b3 Bb7 19. Bh6 Bxh6 20. Qxh6 f5 21. exf5
Rxf5 22. Qd2 Rbf8 23. f3 Qe7 24. Qxd6 Qf6 25. Rf1 Rg5 26. Ne4 Qf4 27. Qxe6+ Kh8
28. Nxg5 Qxg5 29. Kh1 Rf4 30. Qxb6 Rh4 31. Qxb7 Qg3 32. Qc8+ Kg7 33. h3 h5 34.
Rcd1 Rxh3+ 35. Qxh3 1-0